ბათუმის შოთა რუსთაველის სახელმწიფო უნივერსიტეტის ბიბლიოთეკა

რკინის ფესვები (ბიბ.ჩანაწერი № 48732)

000 -LEADER
fixed length control field 00599nam a2200217Ia 4500
001 - CONTROL NUMBER
control field 15632
003 - CONTROL NUMBER IDENTIFIER
control field GE_BSU
008 - FIXED-LENGTH DATA ELEMENTS--GENERAL INFORMATION
fixed length control field 181216s||||||||xx |||||||||||||| ||und||
040 ## - CATALOGING SOURCE
Transcribing agency GE_BSU
080 ## - UNIVERSAL DECIMAL CLASSIFICATION NUMBER
Universal Decimal Classification number 821.353.1-1
100 ## - MAIN ENTRY--PERSONAL NAME
Personal name წიკლაური, მამუკა
245 ## - TITLE STATEMENT
Title რკინის ფესვები
245 ## - TITLE STATEMENT
Remainder of title [ლექსები]
260 ## - PUBLICATION, DISTRIBUTION, ETC.
Place of publication, distribution, etc. თბილისი
260 ## - PUBLICATION, DISTRIBUTION, ETC.
Name of publisher, distributor, etc. მერანი
260 ## - PUBLICATION, DISTRIBUTION, ETC.
Date of publication, distribution, etc. 1969
300 ## - PHYSICAL DESCRIPTION
Extent 43გვ. ; 16სმ
653 ## - INDEX TERM--UNCONTROLLED
Uncontrolled term ლექსები
653 ## - INDEX TERM--UNCONTROLLED
Uncontrolled term რკინის ფესვები
942 ## - ADDED ENTRY ELEMENTS (KOHA)
Koha item type წიგნი
ეგზემპლარები
Withdrawn status Lost status Damaged status Not for loan Date acquired Barcode Date last seen Price effective from Koha item type
        2018-12-17 38947 2018-12-17 2018-12-17 წიგნი
        2018-12-17 38948 2018-12-17 2018-12-17 წიგნი
        2018-12-17 38949 2018-12-17 2018-12-17 წიგნი
        2018-12-17 38950 2018-12-17 2018-12-17 წიგნი
        2018-12-17 38951 2018-12-17 2018-12-17 წიგნი